<?xml version="1.0" encoding="UTF-8"?>
<record
    xmlns:xsi="http://www.w3.org/2001/XMLSchema-instance"
    xsi:schemaLocation="http://www.loc.gov/MARC21/slim http://www.loc.gov/standards/marcxml/schema/MARC21slim.xsd"
    xmlns="http://www.loc.gov/MARC21/slim">

  <leader>01125nam a22002537a 4500</leader>
  <datafield tag="952" ind1=" " ind2=" ">
    <subfield code="0">0</subfield>
    <subfield code="1">0</subfield>
    <subfield code="2">lcc</subfield>
    <subfield code="4">0</subfield>
    <subfield code="7">0</subfield>
    <subfield code="a">21</subfield>
    <subfield code="b">21</subfield>
    <subfield code="d">2013-08-09</subfield>
    <subfield code="l">13</subfield>
    <subfield code="m">1</subfield>
    <subfield code="o">LB1027.5 R56 2011</subfield>
    <subfield code="p">21 001976</subfield>
    <subfield code="r">2023-03-29</subfield>
    <subfield code="s">2023-03-29</subfield>
    <subfield code="t">1</subfield>
    <subfield code="w">2013-08-09</subfield>
    <subfield code="y">LB</subfield>
  </datafield>
  <datafield tag="952" ind1=" " ind2=" ">
    <subfield code="0">0</subfield>
    <subfield code="1">0</subfield>
    <subfield code="2">lcc</subfield>
    <subfield code="4">0</subfield>
    <subfield code="7">0</subfield>
    <subfield code="a">21</subfield>
    <subfield code="b">21</subfield>
    <subfield code="d">2013-08-09</subfield>
    <subfield code="l">20</subfield>
    <subfield code="m">1</subfield>
    <subfield code="o">LB1027.5 R56 2011</subfield>
    <subfield code="p">21 001977</subfield>
    <subfield code="r">2024-12-13</subfield>
    <subfield code="s">2023-04-11</subfield>
    <subfield code="t">2</subfield>
    <subfield code="w">2013-08-09</subfield>
    <subfield code="y">LB</subfield>
  </datafield>
  <datafield tag="952" ind1=" " ind2=" ">
    <subfield code="0">0</subfield>
    <subfield code="1">0</subfield>
    <subfield code="2">lcc</subfield>
    <subfield code="4">0</subfield>
    <subfield code="7">0</subfield>
    <subfield code="a">21</subfield>
    <subfield code="b">21</subfield>
    <subfield code="d">2013-08-09</subfield>
    <subfield code="l">28</subfield>
    <subfield code="m">3</subfield>
    <subfield code="o">LB1027.5 R56 2011</subfield>
    <subfield code="p">21 001978</subfield>
    <subfield code="r">2024-12-17</subfield>
    <subfield code="s">2023-03-29</subfield>
    <subfield code="t">3</subfield>
    <subfield code="w">2013-08-09</subfield>
    <subfield code="y">LB</subfield>
  </datafield>
  <datafield tag="952" ind1=" " ind2=" ">
    <subfield code="0">0</subfield>
    <subfield code="1">0</subfield>
    <subfield code="4">0</subfield>
    <subfield code="7">0</subfield>
    <subfield code="a">01</subfield>
    <subfield code="b">01</subfield>
    <subfield code="d">2018-06-29</subfield>
    <subfield code="l">0</subfield>
    <subfield code="o">371.425 R479or 2011</subfield>
    <subfield code="p">01 014583</subfield>
    <subfield code="r">2018-06-29</subfield>
    <subfield code="t">1</subfield>
    <subfield code="w">2018-06-29</subfield>
    <subfield code="y">LB</subfield>
  </datafield>
  <datafield tag="999" ind1=" " ind2=" ">
    <subfield code="c">90364</subfield>
    <subfield code="d">90364</subfield>
  </datafield>
  <controlfield tag="005">20231102151600.0</controlfield>
  <controlfield tag="008">130809t2011    xxu||||| |||| 00| 0 spa d</controlfield>
  <datafield tag="020" ind1=" " ind2=" ">
    <subfield code="a">9786074383331</subfield>
  </datafield>
  <datafield tag="050" ind1=" " ind2="4">
    <subfield code="a">LB1027.5</subfield>
    <subfield code="b">R56 2011</subfield>
  </datafield>
  <datafield tag="082" ind1=" " ind2="4">
    <subfield code="a">371.425</subfield>
    <subfield code="b">R479or 2011</subfield>
  </datafield>
  <datafield tag="100" ind1="1" ind2=" ">
    <subfield code="a">R&#xED;os Salda&#xF1;a, Ma. Refugio</subfield>
    <subfield code="e">autor</subfield>
  </datafield>
  <datafield tag="245" ind1="1" ind2="0">
    <subfield code="a">Orientaci&#xF3;n educativa</subfield>
    <subfield code="b">: Plan de vida y carrera</subfield>
    <subfield code="c">/ Ma. Refugio R&#xED;os Salda&#xF1;a, Martha Elba Alarc&#xF3;n Armend&#xE1;riz </subfield>
  </datafield>
  <datafield tag="250" ind1=" " ind2=" ">
    <subfield code="a">2a. edici&#xF3;n</subfield>
  </datafield>
  <datafield tag="260" ind1="3" ind2=" ">
    <subfield code="a">M&#xE9;xico</subfield>
    <subfield code="b">: Patria</subfield>
    <subfield code="c">, 2011</subfield>
  </datafield>
  <datafield tag="300" ind1=" " ind2=" ">
    <subfield code="a">x, 209 p&#xE1;ginas</subfield>
    <subfield code="b">: ilustraciones</subfield>
  </datafield>
  <datafield tag="490" ind1=" " ind2=" ">
    <subfield code="a">Serie Bachiller</subfield>
  </datafield>
  <datafield tag="505" ind1=" " ind2=" ">
    <subfield code="a">Planear en presente mi vida futura
Perfil de carreras por &#xE1;rea
Estrategias de evaluaci&#xF3;n para identificar el perfil vocacional del alumno
Toma de decisiones</subfield>
  </datafield>
  <datafield tag="519" ind1=" " ind2=" ">
    <subfield code="a">Plan UNAM / </subfield>
    <subfield code="b">Preparatoria / </subfield>
    <subfield code="c">Orientaci&#xF3;n Educativa V (1515-6) / </subfield>
    <subfield code="d">(01 014583)</subfield>
  </datafield>
  <datafield tag="650" ind1="1" ind2="4">
    <subfield code="a">ORIENTACI&#xD3;N EDUCATIVA</subfield>
  </datafield>
  <datafield tag="650" ind1="1" ind2="4">
    <subfield code="a">ORIENTACI&#xD3;N PROFESIONAL Y VOCACIONAL</subfield>
  </datafield>
  <datafield tag="700" ind1="1" ind2=" ">
    <subfield code="a">Alarc&#xF3;n Armend&#xE1;riz, Martha Elba</subfield>
    <subfield code="e">autor</subfield>
  </datafield>
  <datafield tag="942" ind1=" " ind2=" ">
    <subfield code="c">LB</subfield>
  </datafield>
</record>
